It looks like you're offline.
Open Library logo
additional options menu

MARC record from Internet Archive

LEADER: 01533cam 2200385Mi 4500
001 ocn927175671
003 OCoLC
005 20210708234509.0
008 150616s2015 ne 000 0 dut d
040 $aNLGGC$bdut$erda$cNLGGC$dOCLCQ$dBEATB$dOCLCQ
015 $a27117917$2bccb
020 $a9789059366169$q(gebonden)
020 $a9059366166$q(gebonden)
020 $a9789059366176$q(e-boek)
020 $a9059366174$q(e-boek)
035 $a(OCoLC)927175671
084 $a18.11$2bcl
100 1 $aSimons, Ida,$d1911-1960.$4aut$0(NL-LeOCL)06899026X
245 10 $aAls water in de woestijn /$cIda Simons ; met een inleiding van Pierre H. Dubois ; en een nawoord van Annelies Verbeke.
264 1 $aAmsterdam :$bCossee,$c[2015]
264 4 $c©2015
300 $a221 pagina's ;$c21 cm
336 $atekst$btxt$2rdacontent/dut
337 $azonder medium$bn$2rdamedia/dut
338 $aband$bnc$2rdacarrier/dut
500 $aOorspronkelijke uitgave: 's-Gravenhage : Stols, 1961.
520 2 $aAls de emotioneel verwaarloosde Liza Miller in het vooroorlogse Brussel kennismaakt de Joodse familie Raidings, ontfermt hij zich over haar.$cNL-ZmNBD.
650 4 $aDutch literature.
655 4 $aNarrative prose.
655 7 $aRomans (teksten)$2gtt$0(NL-LeOCL)112192483
700 1 $aDubois, Pierre H.$q(Pierre Hubert),$d1917-1999.$4aui$0(NL-LeOCL)069949425
700 1 $aVerbeke, Annelies,$d1976-$4aft$0(NL-LeOCL)255889887
029 0 $aNLGGC$b393763390
994 $aZ0$bP4A
948 $hNO HOLDINGS IN P4A - 100 OTHER HOLDINGS